Statistics for Gorillaz Discography (Hard)

Click here to take the quiz!

General Stats

  • This quiz has been taken 9 times
  • The average score is 10 of 26

Answer Stats

YearTypeName% Correct
2023Solo AlbumCracker Island
100%
2005Solo AlbumDemon Days
100%
2001Solo AlbumGorillaz
100%
2017Solo albumHumanz
100%
2010Solo AlbumPlastic Beach
100%
2010Solo AlbumThe Fall
100%
2007Compilation AlbumD-Sides
80%
2001Compilation AlbumG-Sides
80%
2002Remix AlbumLaika Come Home
80%
2018Solo AlbumThe Now Now
80%
2021EPMeanwhile EP
40%
2020Solo AlbumSong Machine, Season One: Strange Timez
40%
2011Compilation AlbumThe Singles Collection 2001-2011
20%
2000EPTomorrow Comes Today
20%
2006Video AlbumDemon Days Live
0%
2010EPiTunes Session
0%
2002Video AlbumPhase One: Celebrity Take Down
0%
2006Video AlbumPhase Two: Slowboat To Hades
0%
2020EPSong Machine, Ep. 1
0%
2020EPSong Machine, Ep. 2
0%
2020EPSong Machine, Ep. 3
0%
2020EPSong Machine, Ep. 4
0%
2020EPSong Machine, Ep. 5
0%
2020EPSong Machine, Ep. 6
0%
2020EPSong Machine, Ep. 7
0%
2020EPSong Machine, Ep. 8
0%

Score Distribution

Percentile by Number Answered

Percent of People with Each Score

Your Score History

You have not taken this quiz